000 00838nas a2200265 4500
001 BR2013010795
003 BR-BrBNA
005 20231205123522.0
007 ta
008 230509b bl.|||p| |||| 00| 00por d
040 _aBR-BrBNA
_bpor
_cBiblioteca Nacional de Agricultura
041 _a(Pt)
072 _aL70; L74
100 1 _aCastro, P.F. de
100 1 _aMatera, J.M.
245 1 _aUreterolitíases obstrutivas em cães: avaliação da função renal na indicação da ureterotomia ou ureteronefrectomia
650 _aCÃO
650 _aVETERINÁRIA
650 _aRIM
650 _aDIAGNÓSTICO
650 _aDISTÚRBIO FISIOLÓGICO
773 0 _tRevista de Educação Continuada (Brazil)
_xISSN 1516-3326
_g(2005), v. 8(1) p. 38-47
_wBR2013010795
909 _a202311
_bLúcia
_c55
_dLúcia Elande
942 _2AGRIS
_n0
_cANA
999 _c234316
_d234316